[Event "Mittelfrank Regionalliga Nord-West 2223"]
[Site "Mittelfranken"]
[Date "2022.10.09"]
[Round "1.2"]
[White "Mehling, Katharina"]
[Black "Koch, Christian1111"]
[Result "1-0"]
[WhiteElo "2083"]
[BlackElo "1970"]
[PlyCount "57"]
[EventDate "2022.10.09"]
[EventType "team-tourn"]
[EventRounds "9"]
[EventCountry "GER"]
[SourceTitle "EXT 2024"]
[Source "ChessBase"]
[SourceDate "2023.10.10"]
[SourceVersion "1"]
[SourceVersionDate "2023.10.10"]
[SourceQuality "1"]
[WhiteTeam "Stetten"]
[BlackTeam "Hoechstadt/Aisch"]
[WhiteTeamCountry "GER"]
[BlackTeamCountry "GER"]

1. e4 d6 2. d4 Nf6 3. Nc3 g6 4. Be3 Bg7 5. f3 c6 6. Qd2 b5 7. Bh6 0-0 8. 0-0-0 a5 9. h4 Qc7 10. Bxg7 Kxg7 11. h5 e5 12. hxg6 fxg6 13. Nh3 Bxh3 14. Rxh3 a4 15. a3 Qb6 16. dxe5 dxe5 17. Qd6 Nbd7 18. f4 Rae8 19. g4 Rf7 20. g5 Nh5 21. Rxh5 gxh5 22. Qh6+ Kh8 23. f5 Nf8 24. Nd5 Qc5 25. Qxh5 cxd5 26. Qxf7 Rc8 27. Bd3 Qe3+ 28. Kb1 Qxg5 29. Qxd5 1-0

[Event "GER-ch (Women)"]
[Site "chess24.com INT"]
[Date "2019.05.29"]
[Round "5"]
[White "Mehling, Katharina"]
[Black "Burchardt, Brigitte"]
[Result "1-0"]
[WhiteElo "1974"]
[BlackElo "2094"]
[PlyCount "105"]
[EventDate "2019.05.26"]
[EventType "swiss"]
[EventRounds "9"]
[EventCountry "GER"]
[SourceTitle "EXT 2020"]
[Source "ChessBase"]
[SourceDate "2019.10.17"]
[SourceVersion "1"]
[SourceVersionDate "2019.10.17"]
[SourceQuality "1"]
[WhiteTeam "Germany"]
[BlackTeam "Germany"]
[WhiteTeamCountry "GER"]
[BlackTeamCountry "GER"]

1. e4 c5 2. Nf3 d6 3. d4 cxd4 4. Nxd4 Nf6 5. Nc3 a6 6. Bg5 Nbd7 7. Qe2 e6 8. 0-0-0 Be7 9. f4 0-0 10. g4 Qc7 11. Bg2 Nb6 12. h4 Rd8 13. f5 Nc4 14. Kb1 Ne5 15. Bxf6 gxf6 16. g5 Bd7 17. Bh3 Qc8 18. Qh5 Kh8 19. Rdf1 Rg8 20. fxe6 fxe6 21. gxf6 Bf8 22. Rhg1 Rxg1 23. Rxg1 Qe8 24. Qg5 Qf7 25. Nce2 Re8 26. c3 Bc6 27. Bg2 h6 28. Qf4 Qh7 29. Nxc6 bxc6 30. Nd4 c5 31. Nf3 Nf7 32. Ka1 e5 33. Qg4 h5 34. Qd7 Rd8 35. Qe6 Nh6 36. Ng5 Qd7 37. Bh3 Qxe6 38. Bxe6 Rb8 39. Kb1 a5 40. Kc2 a4 41. Rg2 d5 42. exd5 Bd6 43. Ne4 Bf8 44. d6 Rd8 45. d7 Ng4 46. Kd3 c4+ 47. Ke2 Rb8 48. Kf3 a3 49. bxa3 Bxa3 50. Rd2 Rd8 51. Bxg4 hxg4+ 52. Kxg4 Bf8 53. Ng5 1-0

[Event "GER-ch (Women)"]
[Site "chess24.com INT"]
[Date "2019.05.26"]
[Round "1"]
[White "Mehling, Katharina"]
[Black "Michna, Marta"]
[Result "0-1"]
[WhiteElo "1974"]
[BlackElo "2355"]
[PlyCount "64"]
[EventDate "2019.05.26"]
[EventType "swiss"]
[EventRounds "9"]
[EventCountry "GER"]
[SourceTitle "EXT 2020"]
[Source "ChessBase"]
[SourceDate "2019.10.17"]
[SourceVersion "1"]
[SourceVersionDate "2019.10.17"]
[SourceQuality "1"]
[WhiteTeam "Germany"]
[BlackTeam "Germany"]
[WhiteTeamCountry "GER"]
[BlackTeamCountry "GER"]

1. e4 e6 2. d4 d5 3. Nd2 Nf6 4. e5 Nfd7 5. Bd3 c5 6. c3 Nc6 7. Ne2 a5 8. 0-0 cxd4 9. cxd4 Nb6 10. f4 g6 11. b3 h5 12. Nf3 Bd7 13. Nc3 Ne7 14. Ba3 Bc6 15. Qd2 Qd7 16. Rfc1 Bh6 17. Ne2 Nbc8 18. Rc5 Qd8 19. Rac1 0-0 20. Bb1 Re8 21. Ng3 Qd7 22. Ng5 Na7 23. Qc2 Nf5 24. Nxf5 exf5 25. Rxa5 Bxg5 26. fxg5 b6 27. Rxa7 Qxa7 28. Bd6 Bd7 29. Qe2 Rac8 30. Rf1 Qa5 31. b4 Qa3 32. b5 Qxd6 0-1

[Event "Regionalliga Nord-West 1819"]
[Site "Bayern"]
[Date "2019.03.24"]
[Round "8.6"]
[White "Mehling, Katharina"]
[Black "Krannich, Steffen"]
[Result "1-0"]
[WhiteElo "1906"]
[BlackElo "1861"]
[PlyCount "95"]
[EventDate "2018.10.21"]
[EventType "team-tourn"]
[EventRounds "9"]
[EventCountry "GER"]
[SourceTitle "EXT 2022"]
[Source "ChessBase"]
[SourceDate "2021.10.06"]
[SourceVersion "1"]
[SourceVersionDate "2021.10.06"]
[SourceQuality "1"]
[WhiteTeam "Stetten"]
[BlackTeam "Wuerzburg II"]
[WhiteTeamCountry "GER"]
[BlackTeamCountry "GER"]

1. e4 d5 2. exd5 Nf6 3. d4 Nxd5 4. Nf3 g6 5. c4 Nb6 6. Nc3 Bg7 7. Be3 Nc6 8. Qd2 Bg4 9. Be2 Bxf3 10. gxf3 Nxd4 11. c5 Nxe2 12. Qxe2 Nd5 13. Rd1 c6 14. Nxd5 cxd5 15. Qb5+ Qd7 16. Qxd7+ Kxd7 17. Rxd5+ Kc6 18. Rd2 Rhd8 19. Rc2 Rd5 20. Ke2 Rad8 21. b4 a6 22. a4 Rh5 23. b5+ axb5 24. axb5+ Kc7 25. Rc4 Rdd5 26. Rhc1 e6 27. c6 Be5 28. f4 Bd6 29. b6+ Kc8 30. c7 Ra5 31. Rd1 Rhd5 32. Rxd5 Rxd5 33. Ra4 Bxc7 34. Rc4 Rd7 35. Rxc7+ Rxc7 36. bxc7 Kxc7 37. Bd4 Kc6 38. Kf3 Kd5 39. Bf6 b5 40. Ke3 Kc4 41. Ke4 b4 42. Ba1 b3 43. Bb2 f5+ 44. Ke3 h6 45. h4 Kc5 46. Kd3 Kd5 47. Bg7 h5 48. f3 1-0

[Event "Bayern-ch (Women) 89th"]
[Site "Bad Kissingen"]
[Date "2018.08.29"]
[Round "5"]
[White "Milak, Adela"]
[Black "Mehling, Katharina"]
[Result "0-1"]
[WhiteElo "1642"]
[BlackElo "1920"]
[PlyCount "68"]
[EventDate "2018.08.26"]
[EventType "swiss"]
[EventRounds "9"]
[EventCountry "GER"]
[SourceTitle "EXT 2020"]
[Source "ChessBase"]
[SourceDate "2019.10.17"]
[SourceVersion "1"]
[SourceVersionDate "2019.10.17"]
[SourceQuality "1"]

1. e4 e6 2. d4 d5 3. e5 c5 4. c3 Nc6 5. Nf3 Bd7 6. Nbd2 cxd4 7. cxd4 Qb6 8. Nb3 a5 9. a4 Nb4 10. Bd3 Nxd3+ 11. Qxd3 Ne7 12. 0-0 Nc6 13. Nfd2 Nb4 14. Qb1 Rc8 15. Nc5 Bxc5 16. dxc5 Rxc5 17. Nb3 Rc4 18. Be3 d4 19. Qe4 Nc6 20. Nd2 Rb4 21. Bg5 h6 22. Bf4 Ne7 23. Qd3 Nd5 24. Bg3 Bxa4 25. Rfc1 0-0 26. Nc4 Qa6 27. Ra3 Bb5 28. b3 Rc8 29. h4 Bxc4 30. bxc4 Rbxc4 31. Rxc4 Qxc4 32. Qf3 a4 33. h5 b5 34. Bh4 d3 0-1

[Event "Bayern-ch (Women) 89th"]
[Site "Bad Kissingen"]
[Date "2018.08.28"]
[Round "4"]
[White "Mehling, Katharina"]
[Black "Lorenz, Oda"]
[Result "1-0"]
[WhiteElo "1920"]
[BlackElo "1822"]
[PlyCount "119"]
[EventDate "2018.08.26"]
[EventType "swiss"]
[EventRounds "9"]
[EventCountry "GER"]
[SourceTitle "EXT 2020"]
[Source "ChessBase"]
[SourceDate "2019.10.17"]
[SourceVersion "1"]
[SourceVersionDate "2019.10.17"]
[SourceQuality "1"]

1. e4 e5 2. Nf3 Nc6 3. d4 exd4 4. Nxd4 Nf6 5. Nxc6 bxc6 6. e5 Qe7 7. Qe2 Nd5 8. c4 Ba6 9. Bd2 Qh4 10. Nc3 Bc5 11. Ne4 Bb4 12. Bxb4 Nxb4 13. a3 Nd5 14. Nc5 Nf4 15. g3 Qe7 16. Qe3 0-0 17. gxf4 Bc8 18. Bg2 Rb8 19. b4 Re8 20. 0-0 Qf8 21. Qc3 d6 22. Ne4 Re6 23. Rfe1 Rg6 24. Ng3 Bd7 25. Re3 dxe5 26. fxe5 Re8 27. Rae1 Rg5 28. f4 Rg6 29. c5 f5 30. Bf3 Rh6 31. R3e2 Ree6 32. Qd3 Re7 33. Rg2 Rh4 34. Nh5 Kh8 35. Qd2 Be6 36. Bxc6 Rxh5 37. Rd1 g6 38. Qd8 Kg7 39. Qxf8+ Kxf8 40. Rd8+ Kf7 41. Ra8 Rh3 42. Rg3 Rh4 43. Rf3 h6 44. Rxa7 g5 45. b5 Rg4+ 46. Kf2 Rh4 47. h3 g4 48. hxg4 fxg4 49. Rg3 Rh2+ 50. Rg2 Rh3 51. b6 cxb6 52. cxb6 Rb3 53. b7 h5 54. a4 h4 55. Bb5 Rb2+ 56. Ke3 Rxg2 57. b8Q Rxa7 58. Qxa7+ Kg6 59. Be8+ Kh6 60. Qa6 1-0

[Event "GER-chT Federal Cup (Women)"]
[Site "Braunfels"]
[Date "2017.06.17"]
[Round "4.5"]
[White "Mehling, Katharina"]
[Black "Lobzhanidze, Anna Luise"]
[Result "1-0"]
[WhiteElo "1905"]
[BlackElo "1979"]
[PlyCount "43"]
[EventDate "2017.06.15"]
[EventType "team-swiss"]
[EventRounds "5"]
[EventCountry "GER"]
[SourceTitle "CBM 179 Extra"]
[Source "ChessBase"]
[SourceDate "2017.08.23"]
[SourceVersion "1"]
[SourceVersionDate "2017.08.23"]
[SourceQuality "1"]
[WhiteTeam "Bayern (W) II"]
[BlackTeam "Hessen (W)"]
[WhiteTeamCountry "GER"]
[BlackTeamCountry "GER"]

1. e4 d6 2. d4 Nf6 3. Nc3 g6 4. f3 Bg7 5. Be3 c6 6. Qd2 b5 7. Bh6 Bxh6 8. Qxh6 b4 9. Nd1 Qa5 10. Kf2 c5 11. e5 Nd5 12. exd6 e6 13. Nh3 Nd7 14. Qg7 Rf8 15. Ng5 N7f6 16. Bc4 Nh5 17. Qe5 Nhf6 18. Nxh7 Nxh7 19. Bxd5 Rb8 20. d7+ Kxd7 21. Qxb8 exd5 22. Qe5 1-0

[Event "Nuremberg Zabo op 18th"]
[Site "Nuremberg"]
[Date "2016.09.18"]
[Round "4"]
[White "Mehling, Katharina"]
[Black "Link, Andreas"]
[Result "1-0"]
[WhiteElo "1819"]
[BlackElo "1977"]
[PlyCount "117"]
[EventDate "2016.09.16"]
[EventType "swiss"]
[EventRounds "5"]
[EventCountry "GER"]
[SourceTitle "EXT 2018"]
[Source "ChessBase"]
[SourceDate "2017.10.13"]
[SourceVersion "1"]
[SourceVersionDate "2017.10.13"]
[SourceQuality "1"]

1. d4 Nf6 2. Nc3 g6 3. e4 d6 4. f3 Bg7 5. Be3 c6 6. Qd2 Qc7 7. Bh6 Bxh6 8. Qxh6 b5 9. 0-0-0 b4 10. Nce2 Nbd7 11. g4 Bb7 12. Qe3 a5 13. g5 Nh5 14. f4 0-0-0 15. Nf3 Kb8 16. Kb1 c5 17. Ng3 cxd4 18. Nxd4 e5 19. Nb5 Qc5 20. Qxc5 Nxc5 21. Nxh5 gxh5 22. Bg2 Bxe4 23. Bxe4 Nxe4 24. Rhe1 d5 25. fxe5 Nxg5 26. Rf1 Ne4 27. Rxf7 Rdf8 28. Rd7 Rf2 29. h3 Rc8 30. Nd4 Nd2+ 31. Kc1 Nc4 32. Rxd5 Ne3 33. Rb5+ Ka7 34. Rxa5+ Kb6 35. Rb5+ Ka6 36. Rxb4 Nxd1 37. Kxd1 Rh2 38. Rb3 Rh1+ 39. Kd2 Rh2+ 40. Ne2 Rxc2+ 41. Kxc2 Rxe2+ 42. Kd3 Rxe5 43. Rc3 Rf5 44. Kc4 Rf4+ 45. Kb3 Kb6 46. a4 h4 47. Ka3 Rf2 48. b4 Rh2 49. Kb3 Rf2 50. Rd3 Rf4 51. a5+ Kb5 52. Rd5+ Ka6 53. Ka4 Rf1 54. Rd6+ Kb7 55. Rh6 Rf7 56. Rxh4 Rg7 57. Rh6 Rf7 58. a6+ Ka7 59. Ka5 1-0